00425nam a22001457a 450000500170000001000170001702000250003403500170005903700230007608200080009924500750010726000290018227000490021130000190026020120713160028.0 aB-458408-412 a978143102458c399.00 aB-458408-412 adplbK.K.Pub / Ven a954 aShaam-e-Awadh ;cedited by Veena Talwar oldenburgbwritings on Lucknow aNew DelhibPenguinc2007 a11 community centre pancheel parkbNew delhi aix, 275pc22cm